| 000 | 00641nam a22002777a 4500 | ||
|---|---|---|---|
| 005 | 20240605085731.0 | ||
| 008 | 211125b xxu||||| |||| 00| 0 spa d | ||
| 020 | _a9972209210 | ||
| 041 | _aESP | ||
| 082 | _a747.78 M938p | ||
| 100 | _aMoya, Sandra | ||
| 245 | _aProyectos creativos para baños y cocinas | ||
| 260 | _aEspaña | ||
| 260 | _bLexus | ||
| 260 | _c2007 | ||
| 300 | _a199 páginas | ||
| 650 | _aDECORACIÓN DE INTERIORES | ||
| 650 | _aBAÑOS | ||
| 650 | _aSANITARIOS | ||
| 650 | _aCOCINAS | ||
| 650 | _aESTILOS | ||
| 650 | _aALMACENAMIENTO | ||
| 650 | _aACCESORIOS | ||
| 942 |
_cBK _2ddc |
||
| 999 |
_c13178 _d13178 |
||